000
00263pam a2200121 a 4500
020
_c
041
_a
eng
100
_a
Moroney.M.L.
245
_a
Facts From Figures
_h
Textual Documents
260
_a
New York
_b
Penguin Books Ltd
300
_a
272p.
930
_a
15259
999
_c
92159
_d
92159